000
00295nam a22001217a 4500
008
240902b |||||||| |||| 00| 0 eng d
082
_a
796.334
100
_a
Fifa
245
_a
Women's Football:
_b
Developing the Game
260
_a
Switzerland
_b
Fifa
300
_a
288 p.;
_c
27.7 Cm.
942
_2
ddc
999
_c
9992
_d
9993